000 00914nam a2200229Ii 4500
003 JO-AjNU
008 230605s9999||||xx |||||||||||||| ||und||
017 _a2016/4/1550
020 _a978-9957-98-151-8
040 _aJO-AjNU
_bara
_erda
_cJO-AjNU
041 _aara
050 1 4 _aLB2806.4.R274 2017
100 3 _aتأليف الرشيدي، ابتسام عوض,
_eauthor
_959986
245 0 0 _aالمرشد التربوي للمهارات القيادية من وجهة نظره
250 _aالطبعة العربية الاولى
264 3 1 _aعمان: دار الاعصار العلمي للنشر والتوزيع، 2017
300 _a142ص
_b ويحتوي على قائمة مراجع من ص135-ص142
336 _atext
_btxt
_2rdacontent
337 _aunmediated
_bn
_2rdamedia
338 _avolume
_bnc
_2rdacarrier
650 4 _aالتوجية التربوي-القيادة-الادارة
_959987
999 _aA27022
_c30590
_d30590